| 000 | 00713cam a22002292 4500 | ||
|---|---|---|---|
| 001 | 0000019622 | ||
| 005 | 20151217152158.0 | ||
| 008 | 110113s xx 000 0 eng d | ||
| 020 | _a007125420x : | ||
| 040 |
_aKABU _cKABU |
||
| 100 | 1 |
_aDoupnik, Timothy. _@0000179417 |
|
| 245 | 1 | 0 |
_aInternational accounting / _cTimothy Doupnik and Hector Perera. |
| 250 | _a1st ed. | ||
| 260 |
_aBuston : _bMcGraw Hill, _c2007. |
||
| 300 | _axvi, 640p. | ||
| 650 | 0 |
_aComparative accounting. _@0000178822 |
|
| 650 | 0 |
_aInternal business enterprises _xAccounting. _@0000179418 |
|
| 700 | 1 |
_aPerera, Hector. _@0000179419 |
|
| 852 | 1 | _9p2280 KES | |
| 908 | _a110113 | ||
| 950 | _@1 | ||
| 999 |
_c9020 _d9020 |
||